Can You Name Every Sims 4 Career? - Statistics

General Stats
  • This quiz has been taken 67 times
  • The average score is 16 of 38
Answer Stats
Pack Status Job % Correct
Get to Work Active Doctor
79%
Get Famous Active Actor
74%
Get to Work Active Detective
67%
Get to Work Active Scientist
67%
Base Game Full Time Writer
67%
Base Game Full Time Astronaut
64%
Base Game Full Time Business
62%
Base Game Full Time Painter
59%
Base Game Full Time Athlete
56%
Base Game Part Time Babysitter
51%
Discover University Full Time Law
51%
Base Game Full Time Culinary
49%
Base Game Part Time Barista
46%
Base Game Full Time Criminal
46%
Discover University Full Time Education
46%
Base Game Full Time Secret Agent
46%
Discover University Full Time Engineer
41%
City Living Full Time Politician
41%
City Living Full Time Critic
38%
Strangerville Full Time Military
38%
Base Game Full Time Entertainer
36%
Base Game Freelance Freelancer
36%
Island Living Part Time Lifeguard
36%
Seasons Full Time Gardener
33%
Base Game Full Time Tech Guru
33%
Island Living Full Time Conservationist
28%
Base Game Part Time Fast Food
28%
Dream Home Decorator Active Interior Designer
28%
Base Game Part Time Retail
28%
Snowy Escape Full Time SalaryPerson
28%
City Living Full Time Social Media
28%
Island Living Part Time Fisherman
23%
Base Game Full Time Style Influencer
23%
Island Living Part Time Diver
21%
Base Game Part Time Manual Laborer
21%
High School Years Part Time Simfluencer
18%
High School Years Part Time Video Game Streamer
13%
Eco Lifestyle Full Time Civil Disigner
5%
No matching quizzes found
Score Distribution
Percent of People with Each Score
Percentile by Number Answered
Your Score History
You have not taken this quiz